[Event "14. Off. Herner Stadtmeisterschaft 2011"]
[Site "?"]
[Date "2011.02.07"]
[Round "1.4"]
[White "Kock, Wolfgang"]
[Black "Böcker, Jürgen"]
[Result "1-0"]
[WhiteElo "2134"]
[BlackElo "1690"]
[PlyCount "61"]
[EventDate "2011.??.??"]
[WhiteTeam "SV Castrop-Rauxel 23"]
[BlackTeam "Velberter SG"]

1. c4 Nf6 2. g3 g6 3. Bg2 Bg7 4. Nc3 O-O 5. Nf3 d6 6. O-O e5 7. d3 c6 8. Rb1 a5
9. a3 Na6 10. b4 axb4 11. axb4 Nc7 12. b5 Ne6 13. Ng5 d5 14. bxc6 bxc6 15. cxd5
cxd5 16. Nf3 e4 17. dxe4 d4 18. Nb5 Rb8 19. Ba3 Re8 20. Nd6 Rxb1 21. Qxb1 Ba6
22. Nxe8 Nxe8 23. Re1 Nd6 24. Bxd6 Qxd6 25. Qa2 Bb7 26. Nd2 Qa6 27. Qxa6 Bxa6
28. Bf1 Nc5 29. Rc1 Bh6 30. Rxc5 Bxd2 31. e5 1-0

[Event "14. Off. Herner Stadtmeisterschaft 2011"]
[Site "?"]
[Date "2011.02.07"]
[Round "1.5"]
[White "Stenzel, Gerhard"]
[Black "Wolff, Christoph"]
[Result "0-1"]
[WhiteElo "1688"]
[BlackElo "2091"]
[PlyCount "34"]
[EventDate "2011.??.??"]
[WhiteTeam "SV Unser Fritz W-E"]
[BlackTeam "SC Buer-Hassel 1919"]

1. d4 Nf6 2. c4 g6 3. Nc3 d5 4. e3 Bg7 5. Nf3 O-O 6. Qb3 c6 7. cxd5 cxd5 8. Be2
Nc6 9. O-O b6 10. Bd2 Ne4 11. Be1 Bb7 12. Rc1 Rc8 13. Nxe4 dxe4 14. Ng5 Nxd4
15. exd4 Rxc1 16. Bc4 e6 17. Bxe6 Qxg5 0-1

[Event "14. Off. Herner Stadtmeisterschaft 2011"]
[Site "?"]
[Date "2011.02.07"]
[Round "1.6"]
[White "Ribbeheger, Edgar"]
[Black "Janke, Anatoli"]
[Result "1/2-1/2"]
[WhiteElo "1978"]
[BlackElo "1802"]
[PlyCount "47"]
[EventDate "2011.??.??"]
[WhiteTeam "SK Herne-Sodingen 24"]
[BlackTeam "SK Dülmen 1952"]

1. e4 e5 2. Nf3 Nc6 3. Bb5 a6 4. Ba4 Nf6 5. O-O Be7 6. Re1 b5 7. Bb3 O-O 8. c3
d6 9. h3 Na5 10. Bc2 c5 11. d4 Qc7 12. Nbd2 cxd4 13. cxd4 exd4 14. Nxd4 Bb7 15.
Nf5 Rfe8 16. Re3 Bf8 17. Rc3 Qd7 18. b4 Nc6 19. Bb2 Nxb4 20. Nh6+ Kh8 21. Rg3
Nxc2 22. Bxf6 Qe6 23. Qh5 Qxf6 24. Nxf7+ 1/2-1/2

[Event "14. Off. Herner Stadtmeisterschaft 2011"]
[Site "?"]
[Date "2011.02.07"]
[Round "1.7"]
[White "Grothuesmann, Heinz"]
[Black "Wiechen, Ulrich"]
[Result "0-1"]
[WhiteElo "1641"]
[BlackElo "2152"]
[PlyCount "62"]
[EventDate "2011.??.??"]
[WhiteTeam "SK RE-Altstadt 06"]
[BlackTeam "SC Buer-Hassel 1919"]

1. e4 e5 2. Nf3 Nc6 3. Bb5 a6 4. Ba4 d6 5. O-O Bg4 6. c3 Qf6 7. d3 Nge7 8. Be3
Bxf3 9. Qxf3 Qxf3 10. gxf3 Ng6 11. d4 O-O-O 12. Nd2 Be7 13. d5 Nb8 14. b4 Nd7
15. c4 Rhf8 16. Rfb1 f5 17. b5 a5 18. b6 Nc5 19. Bxc5 dxc5 20. Bc2 Rd6 21. bxc7
f4 22. Rb5 b6 23. Kf1 Nh4 24. Ke2 Rg6 25. Nb3 Kxc7 26. Rh1 Rg2 27. Nxa5 Ra8 28.
Nc6 Rxa2 29. Nxe7 Rxc2+ 30. Kd1 Rgxf2 31. Rg1 Nxf3 0-1

[Event "14. Off. Herner Stadtmeisterschaft 2011"]
[Site "?"]
[Date "2011.02.07"]
[Round "1.9"]
[White "Binias, Siegfried"]
[Black "Wickenfeld, Stefan"]
[Result "0-1"]
[WhiteElo "1838"]
[BlackElo "1987"]
[PlyCount "70"]
[EventDate "2011.??.??"]
[WhiteTeam "SF Buer 21/74"]
[BlackTeam "SK Herne-Sodingen 24"]

1. e4 e5 2. Nf3 f5 3. d3 Nc6 4. Nc3 Bc5 5. g3 Nf6 6. Bg2 d6 7. a3 O-O 8. O-O
Qe8 9. Bd2 f4 10. Na4 fxg3 11. hxg3 Bb6 12. Nxb6 axb6 13. Nh2 Qg6 14. c3 Be6
15. Qe1 Nh5 16. Kh1 Rf7 17. Be3 Raf8 18. Rc1 Ne7 19. c4 Bd7 20. b3 Nf6 21. Rc2
Ng4 22. Nxg4 Bxg4 23. Kg1 Qh5 24. f4 exf4 25. Rxf4 Ng6 26. Rxf7 Rxf7 27. d4 Bf3
28. Rf2 Qg4 29. Bxf3 Rxf3 30. Rxf3 Qxf3 31. Qf2 Qxe4 32. Kh2 Ne7 33. Bd2 Nf5
34. Kg1 Qxd4 35. Kh2 Qxf2+ 0-1

[Event "14. Off. Herner Stadtmeisterschaft 2011"]
[Site "?"]
[Date "2011.02.07"]
[Round "1.11"]
[White "Przystaw, Andreas"]
[Black "Fischöder, Heiko"]
[Result "0-1"]
[WhiteElo "1603"]
[BlackElo "1989"]
[PlyCount "48"]
[EventDate "2011.??.??"]
[WhiteTeam "SV Constantin Herne"]
[BlackTeam "SV Unser Fritz W-E"]

1. e4 c5 2. Nf3 e6 3. c3 Nf6 4. d3 b6 5. Bf4 d6 6. Nbd2 Bb7 7. Qc2 e5 8. Bg5
Be7 9. d4 Nbd7 10. Bd3 cxd4 11. cxd4 O-O 12. O-O exd4 13. Nxd4 Rc8 14. Qb1 h6
15. Bxf6 Bxf6 16. N2f3 Nc5 17. b4 Ne6 18. Qb2 Nxd4 19. Nxd4 d5 20. Rad1 dxe4
21. Bb1 Qe7 22. Qd2 Rfd8 23. Nf5 Qe5 24. Nd6 Rc6 0-1

[Event "14. Off. Herner Stadtmeisterschaft 2011"]
[Site "?"]
[Date "2011.02.07"]
[Round "1.14"]
[White "Gorzinski, Dariusz"]
[Black "Remshagen, Peter"]
[Result "1-0"]
[WhiteElo "1911"]
[BlackElo "1552"]
[PlyCount "65"]
[EventDate "2011.??.??"]
[WhiteTeam "SC Schalksmühle"]
[BlackTeam "SG Höntrop 1947"]

1. e4 c5 2. c3 Nc6 3. d4 cxd4 4. cxd4 d5 5. e5 e6 6. a3 Nge7 7. b4 Qb6 8. Nf3
a6 9. Bd3 g6 10. Be3 Bg7 11. Nc3 O-O 12. h4 h6 13. Qd2 Kh7 14. h5 Rh8 15. hxg6+
Nxg6 16. Bxh6 Kg8 17. Bxg6 fxg6 18. Rd1 Ne7 19. g4 Bd7 20. Qg5 Qd8 21. Ke2 Qf8
22. Bxg7 Qxg7 23. Rxh8+ Kxh8 24. Rh1+ Kg8 25. Qh4 Rc8 26. Kd2 Rf8 27. Ng5 Bc8
28. Nh7 Rf7 29. Nf6+ Kf8 30. Qg5 Ng8 31. Rh7 Nxf6 32. Rxg7 Ne4+ 33. Nxe4 1-0

[Event "14. Off. Herner Stadtmeisterschaft 2011"]
[Site "?"]
[Date "2011.02.07"]
[Round "1.15"]
[White "Tenhagen, Herman"]
[Black "Göldenboog, Jürgen"]
[Result "0-1"]
[WhiteElo "1551"]
[BlackElo "1990"]
[PlyCount "66"]
[EventDate "2011.??.??"]
[WhiteTeam "Südlohner SV"]
[BlackTeam "SV Horst-Emscher 31"]

1. e4 c6 2. d4 d5 3. exd5 cxd5 4. Nf3 Nc6 5. Be3 Nf6 6. h3 g6 7. c3 Bg7 8. Be2
O-O 9. Nbd2 Qd6 10. Nf1 Ne4 11. N1h2 a6 12. a4 e5 13. Bd3 exd4 14. Nxd4 Nxd4
15. Bxd4 Bxd4 16. Bxe4 Bxf2+ 17. Kxf2 Qc5+ 18. Qd4 Qxd4+ 19. cxd4 dxe4 20. Rac1
Bd7 21. a5 f5 22. g3 Bc6 23. Rhd1 Rad8 24. Nf1 Rd5 25. b4 Rfd8 26. Ke3 Ba4 27.
Rd2 Bb5 28. Nh2 Bd3 29. g4 Rxd4 30. gxf5 gxf5 31. Rg2+ Kf7 32. Rcg1 Ke6 33. Rg7
R4d7 0-1

[Event "14. Off. Herner Stadtmeisterschaft 2011"]
[Site "?"]
[Date "2011.02.07"]
[Round "1.16"]
[White "Josten, Severin Johannes"]
[Black "Madeya, Jürgen"]
[Result "0-1"]
[WhiteElo "1813"]
[BlackElo "1532"]
[PlyCount "68"]
[EventDate "2011.??.??"]
[WhiteTeam "SV SW Oberhausen"]
[BlackTeam "SV Horst-Emscher 31"]

1. e4 e5 2. Nf3 Nc6 3. Bb5 f5 4. exf5 e4 5. Qe2 Qe7 6. Bxc6 dxc6 7. Nd4 c5 8.
Qb5+ c6 9. Nxc6 Qd7 10. Nxa7 Rxa7 11. Qxd7+ Bxd7 12. O-O Bxf5 13. Re1 Be7 14.
Nc3 Nf6 15. b3 Kf7 16. Ne2 Rd8 17. Ng3 Bg6 18. Re2 b5 19. Bb2 Rad7 20. Rd1 e3
21. d3 exf2+ 22. Rxf2 c4 23. d4 Kg8 24. Nf5 Bc5 25. c3 Ng4 26. Rf3 Bxf5 27. Re1
Bd6 28. Rxf5 Bxh2+ 29. Kh1 Bg3 30. Re6 Rd5 31. Rf3 Bf2 32. bxc4 bxc4 33. Rc6
Rh5+ 34. Rh3 Rb5 0-1

[Event "14. Off. Herner Stadtmeisterschaft 2011"]
[Site "?"]
[Date "2011.02.07"]
[Round "1.17"]
[White "Pohl, Markus"]
[Black "Scheibe, Werner"]
[Result "0-1"]
[WhiteElo "1523"]
[BlackElo "1873"]
[PlyCount "52"]
[EventDate "2011.??.??"]
[WhiteTeam "SV Unser Fritz W-E"]
[BlackTeam "SK Herne-Sodingen 24"]

1. Nf3 f5 2. d4 Nf6 3. c4 e6 4. Nc3 d5 5. c5 b6 6. b4 a5 7. Qa4+ Bd7 8. Nb5 Nc6
9. Bf4 Rc8 10. a3 Ne4 11. h4 h6 12. h5 Na7 13. e3 Nc3 14. Nxc3 Bxa4 15. Nxa4
Be7 16. Ba6 Rb8 17. cxb6 cxb6 18. Bxb8 Qxb8 19. Ne5 axb4 20. Rb1 b5 21. Nc5
Bxc5 22. dxc5 Qxe5 23. axb4 Qc3+ 24. Ke2 Qc2+ 25. Kf3 O-O 26. Bb7 f4 0-1

[Event "14. Off. Herner Stadtmeisterschaft 2011"]
[Site "?"]
[Date "2011.02.07"]
[Round "1.19"]
[White "Grunwald, Günther"]
[Black "Radi, Günter"]
[Result "0-1"]
[WhiteElo "1695"]
[BlackElo "1862"]
[PlyCount "72"]
[EventDate "2011.??.??"]
[WhiteTeam "SV SW Oberhausen"]
[BlackTeam "SV Günnigfeld 1922"]

1. e4 e6 2. d4 d5 3. e5 c5 4. c3 Nc6 5. Nf3 Qb6 6. a3 Bd7 7. Be2 Nge7 8. O-O
cxd4 9. cxd4 Nf5 10. b4 Nfxd4 11. Nxd4 Qxd4 12. Qxd4 Nxd4 13. Bd1 Be7 14. Be3
Nf5 15. Bd2 O-O 16. g4 Nh4 17. f4 f6 18. Bc3 fxe5 19. Bxe5 Ng6 20. Nd2 Nxe5 21.
fxe5 Rxf1+ 22. Kxf1 Rc8 23. Nf3 Bd8 24. Ke1 Rc4 25. h3 Bb6 26. Ra2 h6 27. Rc2
Rf4 28. Rg2 Bc6 29. Nd2 Bd4 30. Nf3 Be3 31. Be2 d4 32. Rg3 Bc1 33. Nd2 a6 34.
Nc4 Re4 35. Kd1 Bf4 36. Rg1 Ba4+ 0-1

[Event "14. Off. Herner Stadtmeisterschaft 2011"]
[Site "?"]
[Date "2011.02.07"]
[Round "1.22"]
[White "Winterkamp, Sascha"]
[Black "Bittner, Reinhard"]
[Result "1-0"]
[WhiteElo "1842"]
[BlackElo "1408"]
[PlyCount "65"]
[EventDate "2011.??.??"]
[WhiteTeam "SG Höntrop 1947"]
[BlackTeam "SV Unser Fritz W-E"]

1. d4 d5 2. c3 c6 3. Nf3 f5 4. Qc2 Nf6 5. Ne5 e6 6. h3 Be7 7. g4 O-O 8. g5 Ne4
9. h4 Nd7 10. Nxd7 Bxd7 11. Bf4 Be8 12. f3 Bd6 13. Bxd6 Nxd6 14. Nd2 f4 15. Bh3
Qe7 16. Qb3 e5 17. dxe5 Qxe5 18. O-O-O Bf7 19. Qa3 Nb5 20. Qc5 Qc7 21. Nb3 Rfe8
22. Bf5 Re3 23. Nd4 Nxd4 24. Qxd4 Rxe2 25. Bxh7+ Kf8 26. g6 Be6 27. Rde1 Rxe1+
28. Rxe1 c5 29. Qg1 Re8 30. Qg5 d4 31. Re5 dxc3 32. Qxf4+ Ke7 33. Rxe6+ 1-0

[Event "14. Off. Herner Stadtmeisterschaft 2011"]
[Site "?"]
[Date "2011.02.07"]
[Round "1.24"]
[White "Wimber, Hartmut"]
[Black "Stratmann, Lars"]
[Result "1/2-1/2"]
[WhiteElo "1889"]
[BlackElo "1385"]
[PlyCount "42"]
[EventDate "2011.??.??"]
[WhiteTeam "SV Recklinghausen-Süd"]
[BlackTeam "SV SW Oberhausen"]

1. d4 d5 2. Nf3 Nf6 3. c4 c6 4. Nc3 Bf5 5. e3 e6 6. a3 a5 7. Bd3 Bxd3 8. Qxd3
Be7 9. b3 Nbd7 10. O-O O-O 11. Bb2 Qc7 12. Rac1 Rfe8 13. Nd2 Bd6 14. f4 Nh5 15.
Qe2 Ndf6 16. g4 Nxf4 17. exf4 Bxf4 18. Rc2 e5 19. cxd5 exd4 20. Nce4 Be3+ 21.
Kg2 Nxe4 1/2-1/2

[Event "14. Off. Herner Stadtmeisterschaft 2011"]
[Site "?"]
[Date "2011.02.07"]
[Round "1.25"]
[White "Säglitz, Patrick"]
[Black "Kowalczyk, Frank"]
[Result "1/2-1/2"]
[WhiteElo "1382"]
[BlackElo "1796"]
[PlyCount "70"]
[EventDate "2011.??.??"]
[WhiteTeam "SC Gerthe 46"]
[BlackTeam "SK Herne-Sodingen 24"]

1. e4 e5 2. Nf3 Nc6 3. Bb5 a6 4. Bxc6 dxc6 5. d4 exd4 6. Qxd4 Qxd4 7. Nxd4 f6
8. Nc3 Bd6 9. O-O Ne7 10. Be3 O-O 11. Rad1 c5 12. Nde2 b6 13. Bf4 Bxf4 14. Nxf4
Kf7 15. Rd2 g5 16. Nfd5 Nxd5 17. Nxd5 Ra7 18. Rfd1 Be6 19. Ne3 Raa8 20. Nf5 h5
21. b3 Bxf5 22. exf5 Rfe8 23. f3 Re7 24. Kf2 Rae8 25. Rd7 Rxd7 26. Rxd7+ Re7
27. Rxe7+ Kxe7 28. Ke3 Kd6 29. Ke4 b5 30. c4 c6 31. g3 bxc4 32. bxc4 Kc7 33.
Kd3 Kb6 34. Kc2 Ka5 35. Kb3 Kb6 1/2-1/2

[Event "14. Off. Herner Stadtmeisterschaft 2011"]
[Site "?"]
[Date "2011.02.07"]
[Round "1.26"]
[White "Wenzel, Martin"]
[Black "Kümmel, Hans-Jürgen"]
[Result "1-0"]
[WhiteElo "1891"]
[BlackElo "1380"]
[PlyCount "29"]
[EventDate "2011.??.??"]
[WhiteTeam "SF Buer 21/74"]
[BlackTeam "SG Höntrop 1947"]

1. e4 c5 2. c3 Qa5 3. Na3 Nc6 4. Nc4 Qc7 5. d4 d6 6. Nf3 Nf6 7. e5 Nd5 8. dxc5
Be6 9. cxd6 exd6 10. Nxd6+ Bxd6 11. exd6 Qd7 12. Bb5 Qxd6 13. c4 Qb4+ 14. Bd2
Nf4 15. Bxb4 1-0

[Event "14. Off. Herner Stadtmeisterschaft 2011"]
[Site "?"]
[Date "2011.02.07"]
[Round "1.27"]
[White "Sudrawitz, Günter"]
[Black "Nebel, Uwe"]
[Result "0-1"]
[WhiteElo "1307"]
[BlackElo "2016"]
[PlyCount "66"]
[EventDate "2011.??.??"]
[WhiteTeam "SV Constantin Herne"]
[BlackTeam "SG Drewer 54"]

1. e4 d5 2. exd5 Qxd5 3. Nc3 Qd8 4. d3 e5 5. Be2 Nc6 6. Nf3 Nf6 7. h3 h6 8. O-O
Be6 9. Bd2 g5 10. Nh2 Qd7 11. Ne4 Be7 12. Nxf6+ Bxf6 13. c3 O-O 14. Be3 Rad8
15. g4 Ne7 16. Bf3 b6 17. Be4 Bg7 18. c4 Ng6 19. b3 Nf4 20. Bxf4 exf4 21. Rc1
f5 22. gxf5 Bxf5 23. Bxf5 Qxf5 24. Qf3 Rxd3 25. Qg4 Rxh3 26. Rcd1 Qxg4+ 27.
Nxg4 h5 28. Nh2 f3 29. Rd7 Be5 30. Re1 Bxh2+ 31. Kf1 Bd6 32. Kg1 Rf4 33. Re8+
Bf8 0-1

[Event "14. Off. Herner Stadtmeisterschaft 2011"]
[Site "?"]
[Date "2011.02.07"]
[Round "1.28"]
[White "Barth, Hans-Joachim"]
[Black "Quäschling, Udo"]
[Result "1-0"]
[WhiteElo "1736"]
[BlackElo "1786"]
[PlyCount "61"]
[EventDate "2011.??.??"]
[WhiteTeam "SC Dolce Vita 93"]
[BlackTeam "SV Constantin Herne"]

1. e4 e5 2. Nf3 Nc6 3. Bb5 Nge7 4. O-O d6 5. d4 exd4 6. Nxd4 Bd7 7. Nc3 Nxd4 8.
Qxd4 Bxb5 9. Nxb5 Nc6 10. Qc3 a6 11. Nd4 Nxd4 12. Qxd4 Qd7 13. Bg5 f6 14. Bf4
Be7 15. Rad1 Rd8 16. Qd5 c6 17. Qh5+ g6 18. Qa5 O-O 19. Rd3 f5 20. e5 d5 21.
Bh6 Rfe8 22. Qb6 g5 23. h4 gxh4 24. g3 Kf7 25. Re1 Bf6 26. Rde3 Kg6 27. exf6
Kxh6 28. Re7 Rxe7 29. Rxe7 Qc8 30. Qe3+ Kg6 31. Rg7+ 1-0

[Event "14. Off. Herner Stadtmeisterschaft 2011"]
[Site "?"]
[Date "2011.02.07"]
[Round "1.29"]
[White "Burosch, Raimund"]
[Black "Gallert, Heinz-Peter"]
[Result "1-0"]
[WhiteElo "1254"]
[BlackElo "1736"]
[PlyCount "35"]
[EventDate "2011.??.??"]
[WhiteTeam "SV Unna 1924"]
[BlackTeam "SV Günnigfeld 1922"]

1. Nf3 g6 2. g3 Bg7 3. Bg2 c5 4. d3 Nc6 5. O-O d5 6. Nbd2 e5 7. e4 d4 8. a3 Nf6
9. Nh4 O-O 10. f4 Ng4 11. Nb3 exf4 12. Bxf4 g5 13. Nf5 gxf4 14. Qxg4 Bxf5 15.
exf5 fxg3 16. f6 gxh2+ 17. Kxh2 Qd6+ 18. Kh1 1-0

[Event "14. Off. Herner Stadtmeisterschaft 2011"]
[Site "?"]
[Date "2011.02.07"]
[Round "1.30"]
[White "Domnik, Roland"]
[Black "Czarnecki, Günter"]
[Result "1-0"]
[WhiteElo "1715"]
[BlackElo "1076"]
[PlyCount "69"]
[EventDate "2011.??.??"]
[WhiteTeam "SC Gerthe 46"]
[BlackTeam "SV Unser Fritz W-E"]

1. d4 d5 2. c4 dxc4 3. Nc3 Bf5 4. e4 Bg6 5. Bxc4 Nc6 6. Nf3 e6 7. O-O h6 8. Qa4
a6 9. d5 b5 10. Bxb5 axb5 11. Qxb5 Rb8 12. Qxc6+ Qd7 13. Qxd7+ Kxd7 14. Ne5+
Ke8 15. dxe6 Bh5 16. exf7+ Bxf7 17. Nxf7 Kxf7 18. a3 Bc5 19. Kh1 Nf6 20. f3
Rhe8 21. Rd1 g5 22. b4 Be7 23. Bb2 Kg6 24. g4 h5 25. e5 Ng8 26. Nd5 hxg4 27.
Nxe7+ Rxe7 28. fxg4 c5 29. Rd6+ Kf7 30. Rf1+ Ke8 31. Rg6 Kd7 32. Rd1+ Kc7 33.
e6 cxb4 34. Be5+ Kb7 35. Bxb8 1-0

[Event "14. Off. Herner Stadtmeisterschaft 2011"]
[Site "?"]
[Date "2011.02.07"]
[Round "1.3"]
[White "Wiesemann, Peter"]
[Black "Leveikina, Jevgenija"]
[Result "0-1"]
[WhiteElo "1697"]
[BlackElo "2100"]
[PlyCount "96"]
[EventDate "2011.??.??"]
[WhiteTeam "Elberfelder SG"]
[BlackTeam "SK Herne-Sodingen 24"]

1. d4 c6 2. e4 d5 3. e5 Bf5 4. g4 Bd7 5. Nd2 e6 6. Nb3 c5 7. dxc5 Bxc5 8. Nxc5
Qa5+ 9. c3 Qxc5 10. Be3 Qc7 11. f4 Ne7 12. Nf3 h5 13. Nd4 a6 14. gxh5 Nbc6 15.
Rg1 Nxd4 16. Bxd4 g6 17. Be2 O-O-O 18. Qb3 Qc6 19. a4 Rdg8 20. Qa3 Nf5 21. Bf2
gxh5 22. Rxg8+ Rxg8 23. b4 d4 24. b5 Qh1+ 25. Kd2 Qxh2 26. Qc5+ Kb8 27. Bxd4
Qxf4+ 28. Kc2 Nxd4+ 29. Qxd4 Qxd4 30. cxd4 Rg2 31. Kd2 axb5 32. Ke3 bxa4 33.
Bxh5 Rg3+ 34. Kd2 Rg7 35. Kc3 Kc7 36. Rf1 Be8 37. Kb4 Rh7 38. Be2 Kb6 39. Rb1
Rh3 40. Bc4 Rf3 41. Rh1 Bc6 42. Rh6 Rf4 43. Kc3 Ka5 44. Bxe6 fxe6 45. Rxe6 Kb5
46. Rd6 Rf3+ 47. Kb2 Kc4 48. e6 Re3 0-1

[Event "14. Off. Herner Stadtmeisterschaft 2011"]
[Site "?"]
[Date "2011.02.07"]
[Round "1.8"]
[White "Brinkmann, Uwe"]
[Black "Ponto, Michael"]
[Result "1-0"]
[WhiteElo "1950"]
[BlackElo "1630"]
[PlyCount "87"]
[EventDate "2011.??.??"]
[WhiteTeam "SV Günnigfeld 1922"]
[BlackTeam "SV Constantin Herne"]

1. e4 d5 2. exd5 Nf6 3. d4 Nxd5 4. c4 Nf6 5. Nc3 c6 6. Bg5 e6 7. Nf3 Be7 8. Be2
Nbd7 9. O-O O-O 10. Qc2 b6 11. Rad1 Bb7 12. Rd2 Qc7 13. Rfd1 h6 14. Bh4 Bd6 15.
a3 a6 16. b4 Bf4 17. Bg3 Bxg3 18. hxg3 Rad8 19. a4 Rfe8 20. Kf1 Nf8 21. Qb2 Ng6
22. Bd3 Ne7 23. Bb1 Nc8 24. Qc2 Nd6 25. Qa2 Ra8 26. c5 Nc8 27. a5 b5 28. Qc2
Ne7 29. Ne4 Nxe4 30. Qxe4 Ng6 31. Qc2 f5 32. Re2 Rad8 33. Rde1 Nf8 34. Ba2 g6
35. Bxe6+ Kg7 36. Bb3 Rxe2 37. Rxe2 Bc8 38. Qc3 Kh7 39. Qe3 Rd7 40. Qe8 Kg7 41.
Ne5 Rxd4 42. Nxc6 Rd7 43. Re7+ Rxe7 44. Nxe7 1-0

[Event "14. Off. Herner Stadtmeisterschaft 2011"]
[Site "?"]
[Date "2011.02.07"]
[Round "1.13"]
[White "Sikorski, Thomas"]
[Black "Klinke, Werner"]
[Result "0-1"]
[WhiteElo "1847"]
[BlackElo "1923"]
[PlyCount "84"]
[EventDate "2011.??.??"]
[WhiteTeam "SK Herne-Sodingen 24"]
[BlackTeam "SV Eichlinghofen 1935"]

1. c4 e5 2. Nc3 Nf6 3. Nf3 d6 4. d4 exd4 5. Nxd4 Nc6 6. e4 Nxd4 7. Qxd4 Be7 8.
Be2 c6 9. O-O Qc7 10. Bf4 O-O 11. c5 Ne8 12. cxd6 Bxd6 13. e5 Be7 14. e6 Bd6
15. exf7+ Rxf7 16. Bxd6 Qxd6 17. Qxd6 Nxd6 18. Rad1 Rd7 19. Bg4 Rd8 20. Ne4
Bxg4 21. Rxd6 Rxd6 22. Nxd6 Rd8 23. Nxb7 Rb8 24. Nd6 Rxb2 25. Re1 Be2 26. Ne4
h6 27. f3 Bc4 28. Rc1 Bd5 29. Nc3 a5 30. a4 Kf7 31. Kf1 Bc4+ 32. Kg1 Bb3 33.
Kf1 Ke6 34. Re1+ Kd6 35. Rc1 Bc2 36. Re1 Bd3+ 37. Kg1 c5 38. Rd1 c4 39. Ne4+
Kc6 40. Nd2 Kc5 41. Kf2 c3 42. Ke3 Rxd2 0-1

[Event "14. Off. Herner Stadtmeisterschaft 2011"]
[Site "?"]
[Date "2011.02.07"]
[Round "1.18"]
[White "Pütter, Pascal"]
[Black "Hartmann, Thomas"]
[Result "1-0"]
[WhiteElo "1971"]
[BlackElo "1509"]
[PlyCount "69"]
[EventDate "2011.??.??"]
[WhiteTeam "SV SW Oberhausen"]
[BlackTeam "SK-Herne-Sodingen 24"]

1. e4 c5 2. Nf3 d6 3. d4 cxd4 4. Nxd4 Nf6 5. Nc3 a6 6. Bg5 e6 7. f4 Be7 8. Be2
O-O 9. Qd2 Nc6 10. Nb3 b5 11. a3 b4 12. axb4 Nxb4 13. O-O d5 14. e5 Nd7 15.
Bxe7 Qxe7 16. Kh1 Nc5 17. Nd4 a5 18. Ra3 Ba6 19. Bxa6 Rxa6 20. Rfa1 Rfa8 21.
Qe2 Qb7 22. Qb5 Qxb5 23. Ncxb5 Nc6 24. Nxc6 Rxc6 25. Rxa5 Rxa5 26. Rxa5 Na6 27.
Nd4 Rb6 28. Kg1 Kf8 29. c3 Ke7 30. b4 f6 31. exf6+ gxf6 32. Kf2 e5 33. fxe5
fxe5 34. Nb3 Ke6 35. Rxa6 1-0

[Event "14. Off. Herner Stadtmeisterschaft 2011"]
[Site "?"]
[Date "2011.02.07"]
[Round "1.21"]
[White "Engwald, Siegfried"]
[Black "Schmidt, Ralph"]
[Result "0-1"]
[WhiteElo "1445"]
[BlackElo "1844"]
[PlyCount "124"]
[EventDate "2011.??.??"]
[WhiteTeam "SK Ickern 60"]
[BlackTeam "SV Linden-Dahlhausen"]

1. c4 g6 2. Nc3 Bg7 3. g3 c5 4. Bg2 d6 5. e3 Nc6 6. a3 Nf6 7. d4 cxd4 8. exd4
O-O 9. Nf3 Bg4 10. O-O Qd7 11. Be3 Rac8 12. Qd2 Na5 13. Qc2 Bf5 14. Qa4 Qxa4
15. Nxa4 Rxc4 16. b4 Nb3 17. Rab1 Bxb1 18. Rxb1 b5 19. Bf1 Nxd4 20. Nxd4 Rcc8
21. Bxb5 Nd5 22. Nc6 a6 23. Bc4 Nxe3 24. Nxe7+ Kh8 25. Nxc8 Nxc4 26. Nab6 d5
27. Nxc4 dxc4 28. Nd6 c3 29. Rc1 Kg8 30. Ne4 Rc8 31. Kf1 Rc4 32. f3 c2 33. Ke2
Bb2 34. Kd2 Bxc1+ 35. Kxc1 Kg7 36. Nd2 Rc3 37. a4 f5 38. b5 axb5 39. axb5 Kf6
40. b6 Rc6 41. b7 Rb6 42. Kxc2 Rxb7 43. Kd3 Re7 44. Nf1 Re1 45. Ne3 g5 46. Kd4
Rh1 47. Nd5+ Ke6 48. Nc7+ Kd7 49. Nd5 Kd6 50. Ne3 Ke6 51. g4 f4 52. Nf5 Rxh2
53. Ke4 Re2+ 54. Kd4 Ra2 55. Ke4 Ra3 56. Nd4+ Kf6 57. Nf5 Ra4+ 58. Nd4 h5 59.
gxh5 g4 60. fxg4 f3 61. h6 Kg6 62. g5 f2 0-1

[Event "14. Off. Herner Stadtmeisterschaft 2011"]
[Site "?"]
[Date "2011.02.07"]
[Round "1.12"]
[White "Funke, Eckhard"]
[Black "Odenwald, Andreas"]
[Result "1/2-1/2"]
[WhiteElo "1923"]
[BlackElo "1590"]
[PlyCount "122"]
[EventDate "2011.??.??"]
[WhiteTeam "SG Höntrop 1947"]
[BlackTeam "SV Waltrop 1922"]

1. d4 e6 2. c4 Nf6 3. Bg5 h6 4. Bh4 b6 5. Nc3 Bb4 6. e3 Bb7 7. Rc1 O-O 8. a3
Be7 9. Nf3 d6 10. Be2 Nbd7 11. O-O a6 12. Nd2 Rc8 13. h3 c6 14. Bg3 e5 15. Bf3
Nh7 16. Qb3 Ng5 17. Be2 Rb8 18. Rfd1 exd4 19. exd4 c5 20. d5 f5 21. Bd3 f4 22.
Bh2 Ne5 23. Nce4 Bc8 24. Nxg5 hxg5 {Restnotation nicht lesbar, Remis nach 60
Zügen.} 25. f3 Nxd3 26. Qxd3 Bf6 27. Rc2 Bd4+ 28. Kf1 Bf5 29. Ne4 Qd7 30. Bg1
Bf6 31. Re2 Be5 32. Qd2 Qd8 33. Nf2 Qf6 34. Ng4 Bxg4 35. hxg4 b5 36. Rde1 g6
37. Qc2 bxc4 38. Qxc4 Kg7 39. b4 cxb4 40. axb4 Rfc8 41. Qxa6 Qf7 42. Bd4 Qxd5
43. Bxe5+ dxe5 44. Rxe5 Qc4+ 45. Qxc4 Rxc4 46. b5 Kh6 47. Rd5 Rb6 48. Re7 Rc1+
49. Kf2 Rc2+ 50. Kg1 Rb8 51. Rdd7 Rh8 52. Rb7 Rd2 53. Rec7 Rd1+ 54. Kh2 Rb1 55.
Re7 Rb2 56. Kh3 Rb3 57. Re6 Rb4 58. b6 Rb1 59. Kh2 Rd8 60. Ree7 Rd7 61. Re1
Rxe1 1/2-1/2

[Event "14. Off. Herner Stadtmeisterschaft 2011"]
[Site "?"]
[Date "2011.02.15"]
[Round "2.1"]
[White "Bartel, Mario"]
[Black "Scheibe, Werner"]
[Result "0-1"]
[WhiteElo "2122"]
[BlackElo "1873"]
[PlyCount "94"]
[EventDate "2011.??.??"]
[WhiteTeam "SV Wattenscheid 30"]
[BlackTeam "SK Herne-Sodingen 24"]

1. e4 e6 2. d4 d5 3. e5 c5 4. c3 Nc6 5. Nf3 Qb6 6. Bd3 Bd7 7. dxc5 Bxc5 8. O-O
a5 9. a4 f6 10. Qe2 fxe5 11. Nxe5 Nxe5 12. Qxe5 Nf6 13. Nd2 O-O 14. Nf3 Rae8
15. Bf4 Ne4 16. Bxe4 dxe4 17. Nd4 Rxf4 18. Qxf4 e5 19. Qxe4 exd4 20. Qd3 Bc6
21. Qc4+ Kh8 22. cxd4 Bxd4 23. Rad1 Bc5 24. Rc1 Bb4 25. Qf7 Rf8 26. Qe6 Qd4 27.
Rcd1 Qxb2 28. Rd3 Qf6 29. Qh3 Bxa4 30. Rf3 Qd8 31. Rxf8+ Qxf8 32. Rc1 Bc6 33.
Qe6 h6 34. f3 Qf6 35. Qc4 Qe5 36. Kh1 Bd6 37. Qh4 a4 38. Re1 Qf4 39. Qh3 a3 40.
Kg1 Qf6 41. Qh5 a2 42. Qa5 Qd4+ 43. Kh1 Qf4 44. Kg1 Qxh2+ 45. Kf2 Qh4+ 46. Ke2
Qc4+ 47. Kf2 Qc5+ 0-1

[Event "14. Off. Herner Stadtmeisterschaft 2011"]
[Site "?"]
[Date "2011.02.15"]
[Round "2.2"]
[White "Radi, Günter"]
[Black "Trzaska, Peter"]
[Result "0-1"]
[WhiteElo "1862"]
[BlackElo "2126"]
[PlyCount "134"]
[EventDate "2011.??.??"]
[WhiteTeam "SV Günnigfeld 1922"]
[BlackTeam "SK Herne-Sodingen 24"]

1. e4 c6 2. d4 d5 3. e5 Bf5 4. Bd3 Bxd3 5. Qxd3 e6 6. Ne2 Qa5+ 7. c3 Qa6 8.
Qxa6 Nxa6 9. b4 Nb8 10. a3 a5 11. Bb2 Nd7 12. Nd2 Nb6 13. O-O-O Nh6 14. h3 f6
15. Nf3 Nf7 16. Nf4 Kd7 17. Rhe1 fxe5 18. Nxe5+ Nxe5 19. dxe5 Nc4 20. Nd3 Be7
21. Kc2 Rhf8 22. Bc1 axb4 23. axb4 Ra2+ 24. Kb3 Rfa8 25. Bb2 Bg5 26. Ra1 Rxa1
27. Rxa1 Rxa1 28. Bxa1 b6 29. Bb2 Kc7 30. f4 Bh4 31. Bc1 Bg3 32. Kc2 Kb7 33.
Kd1 Ka6 34. Ne1 Bxe1 35. Kxe1 Kb5 36. Ke2 c5 37. bxc5 bxc5 38. Kd3 g6 39. g4 h5
40. Kc2 hxg4 41. hxg4 Ka4 42. Kd3 Kb5 43. Kc2 Ka4 44. Bd2 Kb5 45. Be1 Ne3+ 46.
Kd3 Nxg4 47. Bh4 Nh6 48. Bf2 Nf5 49. Bg1 Ne7 50. Bf2 Nc6 51. Be3 g5 52. fxg5
Nxe5+ 53. Kc2 Kc4 54. Bf4 Ng6 55. Bd6 e5 56. Kd2 d4 57. cxd4 cxd4 58. Bc7 Kd5
59. Bb6 e4 60. Bc7 Nh4 61. Ke2 d3+ 62. Kf2 Nf5 63. Bb6 Ke5 64. Bc7+ Kd4 65.
Bb6+ Kc3 66. Ba5+ Kc2 67. Ke1 e3 0-1